[Event "SVK-chT2D 1516"]
[Site "Slovakia"]
[Date "2016.01.24"]
[Round "7.3"]
[White "Dzugas, Vladimir"]
[Black "Fiacan, Robert"]
[Result "0-1"]
[WhiteElo "2036"]
[BlackElo "2116"]
[PlyCount "46"]
[EventDate "2015.10.17"]
[EventType "team-tourn"]
[EventRounds "11"]
[EventCountry "SVK"]
[SourceTitle "EXT 2017"]
[Source "ChessBase"]
[SourceDate "2016.10.25"]
[SourceVersion "1"]
[SourceVersionDate "2016.10.25"]
[SourceQuality "1"]
[WhiteTeam "Kosice Dynamo"]
[BlackTeam "Kosice Slavia IV"]
[WhiteTeamCountry "SVK"]
[BlackTeamCountry "SVK"]

1. e4 g6 2. d4 Bg7 3. Nf3 d6 4. Bc4 Nf6 5. Nc3 0-0 6. h3 Nxe4 7. Nxe4 d5 8. Bd3 dxe4 9. Bxe4 c5 10. Be3 f5 11. Bd3 f4 12. Bd2 cxd4 13. Ng5 Qd5 14. h4 Bf5 15. Qe2 Bxd3 16. Qxd3 Nd7 17. Bb4 a5 18. Bd2 Nc5 19. Qf3 Qc4 20. b3 Qxc2 21. Rc1 Nd3+ 22. Ke2 Nxc1+ 23. Rxc1 Qf5 0-1

[Event "SVK-chT2D 1516"]
[Site "Slovakia"]
[Date "2015.12.05"]
[Round "5.3"]
[White "Sepesi, Samuel"]
[Black "Dzugas, Vladimir"]
[Result "0-1"]
[WhiteElo "2127"]
[BlackElo "2036"]
[PlyCount "66"]
[EventDate "2015.10.17"]
[EventType "team-tourn"]
[EventRounds "11"]
[EventCountry "SVK"]
[SourceTitle "CBM 170 Extra"]
[Source "ChessBase"]
[SourceDate "2016.02.25"]
[SourceVersion "1"]
[SourceVersionDate "2016.02.25"]
[SourceQuality "1"]
[WhiteTeam "Kosice 1 CC"]
[BlackTeam "Kosice Dynamo"]
[WhiteTeamCountry "SVK"]
[BlackTeamCountry "SVK"]

1. e4 e6 2. d4 d5 3. Nd2 dxe4 4. Nxe4 Nd7 5. Nf3 Ngf6 6. Nxf6+ Nxf6 7. Ne5 Be7 8. Bd3 0-0 9. Bg5 c5 10. dxc5 Qa5+ 11. c3 Qxc5 12. Qe2 Nd5 13. Qe4 f5 14. Bxe7 Qxe7 15. Qe2 b6 16. 0-0-0 Bb7 17. g3 Rac8 18. Rhe1 Rc5 19. Bc4 Rfc8 20. f4 a6 21. Kb1 b5 22. Bb3 a5 23. Nd3 Nxc3+ 24. bxc3 Be4 25. Ka1 Rxc3 26. Rc1 Qf6 27. Qb2 Bxd3 28. Rxc3 Rxc3 29. Bxe6+ Kf8 30. Re5 b4 31. Qd2 g6 32. Qe3 Qg7 33. Bc4 Rxc4 0-1

[Event "SVK-chT2D 0607"]
[Site "Slovakia"]
[Date "2007.01.13"]
[Round "7.5"]
[White "Krajnak, Martin"]
[Black "Dzugas, Vladimir"]
[Result "1-0"]
[WhiteElo "2290"]
[BlackElo "2010"]
[PlyCount "142"]
[EventDate "2006.10.14"]
[EventType "team-tourn"]
[EventRounds "11"]
[EventCountry "SVK"]
[SourceTitle "EXT 2008"]
[Source "ChessBase"]
[SourceDate "2007.11.25"]
[SourceVersion "1"]
[SourceVersionDate "2007.11.25"]
[SourceQuality "1"]
[WhiteTeam "Sabinov"]
[BlackTeam "Kosice DPMK"]
[WhiteTeamCountry "SVK"]
[BlackTeamCountry "SVK"]

1. Nc3 e5 2. Nf3 Nc6 3. d4 exd4 4. Nxd4 Bc5 5. Be3 Bb6 6. g3 Nf6 7. Bg2 0-0 8. 0-0 Ng4 9. Nxc6 Nxe3 10. Nxd8 Nxd1 11. Rfxd1 Rxd8 12. Nd5 c6 13. Ne7+ Kf8 14. Nxc8 Raxc8 15. Bh3 Rc7 16. c4 d6 17. b4 Re7 18. e3 g6 19. a4 a5 20. b5 Bc5 21. Bg2 cxb5 22. cxb5 b6 23. Rac1 Re5 24. Bd5 f5 25. Rc4 Kg7 26. h3 h6 27. Kg2 Rde8 28. g4 Rf8 29. Rf4 g5 30. Rc4 Rf6 31. Bc6 Rf8 32. Rd2 Rf7 33. gxf5 Rfxf5 34. h4 h5 35. hxg5 Rxg5+ 36. Kf3 Ref5+ 37. Rf4 Kf6 38. Rd1 Rxf4+ 39. exf4 Rg7 40. Be4 Bb4 41. Rh1 Bc5 42. Rxh5 Rg1 43. Rh6+ Kg7 44. Rh7+ Kf6 45. f5 d5 46. Bxd5 Kxf5 47. Bb3 Rc1 48. Ke2 Rc3 49. Bd1 Ra3 50. Bc2+ Kf6 51. Rh4 Rc3 52. Bd3 Ra3 53. f3 Ra2+ 54. Kd1 Bb4 55. Bc2 Bc5 56. f4 Ra3 57. Rh6+ Kg7 58. Rc6 Rf3 59. f5 Rf2 60. Kc1 Bd4 61. Kb1 Rf3 62. Ka2 Bc5 63. Rg6+ Kf8 64. Re6 Bd4 65. Rd6 Bc5 66. Rd5 Ke7 67. Re5+ Kf6 68. Re6+ Kf7 69. Rc6 Bd4 70. Bb3+ Ke7 71. Be6 Bc5 1-0